000 00540nam a2200205Ia 4500
003 OSt
005 20230518114852.0
008 210423s1996 xx 000 0 und d
040 _cAL
041 _aeng
082 _a330
_223
_bKURE
100 _aKUREIN (C T)
_9108197
245 _aEconomy: interpretative introduction
260 _aNew Delhi
_bSage Publications
_c1996
365 _b175
_cINR
650 _aEconomics
_9108198
650 _aEconomics
_9108198
906 _aEconomy: ; interpretative ; introduction
942 _2ddc
_cBK
999 _c172402
_d172402